| 000 | 01523nam a2200205 a 4500 | ||
|---|---|---|---|
| 001 | ASIN0006860524 | ||
| 005 | 20170105102923.0 | ||
| 008 | 131209s1989 xxu eng d | ||
| 020 | _a0006860524 (paperback) | ||
| 020 | _a9780006860525 (paperback) | ||
| 040 | _a0 | ||
| 100 | 1 | _aKennedy, Paul. | |
| 245 | 1 | 4 |
_aThe rise and fall of the great powers : _beconomic change and military conflict from 1500 to 2000 / _cPaul Kennedy. |
| 250 | _aNew Ed. | ||
| 260 |
_a[S.l.] : _bHarper Collins Publishers, _c1989. |
||
| 300 |
_a928 p. ; _c20 cm. |
||
| 520 | _aPaul Kennedy's international bestseller is a sweeping account of five hundred years of fluctuating economic muscle and military might among the great powers of the world. Kennedy begins with Europe's dramatic return to the forefront of world domination at the expense of China and the Muslim world and brings us up to modern times, with both on the brink of remarkable recovery. Along the way he explores world wars and civil wars, destructive ideologies, the paranoia of superpowers and the inherent problems of a united Europe. He persuasively demonstrates the interdependence of economic and military power, showing how imbalance between the two has historically led to spectacular political disaster. Erudite and brilliantly original, 'The Rise and Fall of Great Powers' is essential reading for anyone with an interest in the politics of power. | ||
| 856 | 4 | 0 |
_3Amazon.com _uhttp://www.amazon.com/exec/obidos/ASIN/0006860524/chopaconline-20 |
| 942 |
_2ddc _cBK |
||
| 999 |
_c15698 _d15698 |
||